000 00655nam a2200253Ia 4500
003 OSt
005 20220918213510.0
006 a|||||r|||| 00| 0
007 ta
008 220917b |||||||| |||| 00| 0 eng d
024 _a133,058
037 _cTextual
040 _aARTS
_cARTS
_beng
041 _2eng
_aeng
082 _aX65, L8
100 _aJohnson Timothy E
_9127286
245 0 _aInvestment principles
260 _aEnglewood
_bCliffs Prentice Hall
_c1978
300 _axx, 476p.
_ccm.
500 _aGlossary p455-468
650 _aECONOMICS
942 _hX65, L8
_cTEXL
_2CC
999 _c256168
_d256168